000 01126cam a22002771 4500
001 sd 61000008
003 DLC
005 20260227112736.0
008 920417r19611961dcu f000 0 eng c
010 _asd 61000008
035 _a(OCoLC)25667789
040 _aU.S. Dept. of State. Library
_cDS
_dDS
_dDLC
042 _apremarc
050 0 0 _aE183.7
_b.R96
100 1 _aRusk, Dean,
_d1909-1994.
245 1 2 _aA fresh look at the formulation of foreign policy.
260 _a[Washington,
_bOffice of Public Services, Bureau of Public Affairs,
_c1961]
300 _a5 p.
_c26 cm.
490 1 _a[U.S.] Dept. of State. Publication
_v7166
490 1 _aGeneral foreign policy series,
_v163
500 _a"Informal remarks made ... to the policy-making officers of the Department of State in the Department auditorium on February 20, 1961."
500 _aReprinted from the Department of State Bulletin of March 20, 1961.
651 0 _aUnited States
_xForeign relations
_y1961-1963.
830 0 _aDepartment of State publication ;
_v7166.
830 0 _aDepartment of State publication.
_pGeneral foreign policy series ;
_v163.
999 _c90080
_d90080